Central Library OPAC University of Rajshahi

The emergence and development of Dobhāsī literature in Bengal, up to 1855 A. D. (Record no. 21499)

MARC details
000 -LEADER
fixed length control field 00792nam a2200241u 4500
001 - CONTROL NUMBER
control field 21499
003 - CONTROL NUMBER IDENTIFIER
rucl marc code BD-RjUL
005 - DATE AND TIME OF LATEST TRANSACTION
control field 20211209000707.0
008 - FIXED-LENGTH DATA ELEMENTS--GENERAL INFORMATION
fixed length control field 140304s1966 bd 000 0 eng
035 ## - SYSTEM CONTROL NUMBER
System control number (BD-RjUL)21563
040 ## - CATALOGING SOURCE
Original cataloging agency DLC
Transcribing agency CarP
Modifying agency BD-RjUL
Language of cataloging eng
041 ## - LANGUAGE CODE
Language code of text/sound track or separate title eng
082 ## - DEWEY DECIMAL CLASSIFICATION NUMBER
Classification number 891.44
Author mark and year MAE 1966
100 1# - MAIN ENTRY--PERSONAL NAME
Personal name Mannan, Qazi Abdul.
Fuller form of name Qazi Abdul Mannan.
9 (RLIN) 66402
245 14 - TITLE STATEMENT
Title The emergence and development of Dobhāsī literature in Bengal, up to 1855 A. D.
Statement of responsibility, etc. Qazi Abdul Mannan.
250 ## - EDITION STATEMENT
Edition statement 1st ed.
260 ## - PUBLICATION, DISTRIBUTION, ETC. (IMPRINT)
Place of publication, distribution, etc. Dacca :
Name of publisher, distributor, etc. Dept. of Bengali and Sanskrit, University of Dacca ,
Date of publication, distribution, etc. 1966.
300 ## - PHYSICAL DESCRIPTION
Pagination 273 p. :
Size 23 cm.
650 #0 - SUBJECT ADDED ENTRY--TOPICAL TERM
Topical term or geographic name as entry element Bengali literature
General subdivision History and criticism. [from old catalog]
9 (RLIN) 66403
942 ## - ADDED ENTRY ELEMENTS (KOHA)
Source of classification or shelving scheme Dewey Decimal Classification
Koha item type Books
Holdings
Lost status Source of classification or shelving scheme Damaged status Not for loan Collection code Permanent Location Current Location Shelving location Date acquired Source of acquisition Cost, normal purchase price Total Checkouts Full call number Date last seen Copy number Koha item type
  Dewey Decimal Classification     Non-fiction Central Library, University of Rajshahi Central Library, University of Rajshahi   16/03/1967 Nawroge 8.00   891.44 MAE 1966 04/03/2014 C-7 Books
  Dewey Decimal Classification     Non-fiction Central Library, University of Rajshahi Central Library, University of Rajshahi   13/07/1968 Nawraze Kitabistan 8.00   891.44 MAE 1966 08/03/2014 C-12 Books
  Dewey Decimal Classification   Not For Loan Non-fiction Central Library, University of Rajshahi Central Library, University of Rajshahi Reading Room 05/06/1968 Nawroze 8.00   891.44 MAE 1966 03/02/2026 C-1 Books
  Dewey Decimal Classification     Non-fiction Central Library, University of Rajshahi Central Library, University of Rajshahi General Stacks 13/07/1968 Nawroze 8.00   891.44 MAE 1966 03/02/2026 C-2 Books